000
00351nam a2200133Ia 4500
008
151001s9999||||xx |||||||||||||| ||und||
100
_a
सुमन क्षेत्रमाडे
245
_a
जीवनस्वप्न
250
_a
1
260
_b
विमल प्रकाशन
260
_c
2011
300
_a
540
365
_b
21
999
_c
999896
_d
999893